书目信息 |
| 题名: |
化学气相沉积
|
|
| 作者: | 张伟刚 著 | |
| 分册: | ||
| 出版信息: | 北京 科学出版社 2007 |
|
| 页数: | 276页 | |
| 开本: | 25cm | |
| 丛书名: | 当代杰出青年科学文库 | |
| 单 册: | ||
| 中图分类: | TF111.34 | |
| 科图分类: | ||
| 主题词: | 化学汽相沉积 | |
| 电子资源: | ||
| ISBN: | 978-7-03-019697-2 | |
| 000 | 01031oam2 2200277 450 | |
| 001 | 003598645 | |
| 005 | 20080303092632.84 | |
| 010 | @a978-7-03-019697-2@b精装@dCNY48.00 | |
| 035 | @a003598645 | |
| 100 | @a20070608d2007 em y0chiy0110 ea | |
| 101 | 0 | @achi |
| 102 | @aCN@b110000 | |
| 105 | @aa z 000yy | |
| 106 | @ar | |
| 200 | 1 | @a化学气相沉积@Ahua xue qi xiang chen ji@e从烃类气体到固体碳@f张伟刚著 |
| 210 | @a北京@c科学出版社@d2007 | |
| 215 | @a276页@c图@d25cm | |
| 225 | 2 | @a当代杰出青年科学文库 |
| 330 | @a本书论述了烃类气体热解与固体碳材料化学气相沉积等化工过程,力图运用化学反应工程的原理和方法,阐明热解化学、气体扩散和热效应等对沉积过程的影响、固体碳材料多尺度结构的生成机理与控制、碳材料微观结构与性能的内在关系等。 | |
| 461 | 0 | @1001002354524@12001 @a当代杰出青年科学文库 |
| 517 | 1 | @a从烃类气体到固体碳@Acong ting lei qi ti dao gu ti tan |
| 606 | 0 | @a化学汽相沉积 |
| 690 | @aTF111.34@v4 | |
| 701 | 0 | @a张伟刚@Azhang wei gang@f(1968.8~)@4著 |
| 801 | 0 | @aCN@bNLC@c20080303 |
| 905 | @dTF111.34@e29@f4 | |
| 化学气相沉积:从烃类气体到固体碳/张伟刚著.-北京:科学出版社,2007 |
| 276页:图;25cm.-(当代杰出青年科学文库) |
| ISBN 978-7-03-019697-2(精装):CNY48.00 |
| 本书论述了烃类气体热解与固体碳材料化学气相沉积等化工过程,力图运用化学反应工程的原理和方法,阐明热解化学、气体扩散和热效应等对沉积过程的影响、固体碳材料多尺度结构的生成机理与控制、碳材料微观结构与性能的内在关系等。 |
| ● |
| 相关链接 |
|
|
|
|
正题名:化学气相沉积
索取号:TF111.34/29
 
预约/预借
| 序号 | 登录号 | 条形码 | 馆藏地/架位号 | 状态 | 备注 |
| 1 | 0792885 | 207928858 | 第二样本阅览室/ [索取号:TF111.34/29] | 在馆 | |
| 2 | 0792886 | 207928867 | 第三借阅区/ [索取号:TF111.34/29] | 在馆 | |
| 3 | 0792887 | 207928876 | 第三借阅区/ [索取号:TF111.34/29] | 在馆 | |
| 4 | 0792888 | 207928885 | 第三借阅区/ [索取号:TF111.34/29] | 在馆 |